Bishop's Stortford (Record no. 116706)
[ view plain ]
| 000 -LEADER | |
|---|---|
| fixed length control field | 00727cam a22002055a 4500 |
| 001 - CONTROL NUMBER | |
| control field | L141327 |
| 008 - FIXED-LENGTH DATA ELEMENTS--GENERAL INFORMATION | |
| fixed length control field | 071116s1961 xxk eng u |
| 035 ## - SYSTEM CONTROL NUMBER | |
| System control number | (Sirsi) u141327 |
| 041 0# - LANGUAGE CODE | |
| Language code of text/sound track or separate title | eng |
| 110 2# - MAIN ENTRY--CORPORATE NAME | |
| Corporate name or jurisdiction name as entry element | G. E. Sworder and Sons |
| 9 (RLIN) | 5451 |
| 245 00 - TITLE STATEMENT | |
| Title | Bishop's Stortford |
| Remainder of title | history of the auctioneers and their premises situate in the centre of North Street 1700-1900 |
| Medium | [manuscript] |
| 260 ## - PUBLICATION, DISTRIBUTION, ETC. | |
| Date of publication, distribution, etc. | 1961 |
| 300 ## - PHYSICAL DESCRIPTION | |
| Extent | [4] p. |
| Dimensions | 33 cm. + |
| Accompanying material | 1 sheet (25 x 20 cm.) |
| 340 ## - PHYSICAL MEDIUM | |
| Material base and configuration | Typescript |
| 351 ## - ORGANIZATION AND ARRANGEMENT OF MATERIALS | |
| Hierarchical level | Single item |
| 500 ## - GENERAL NOTE | |
| General note | Item is accompanied by a letter dated 1 November 1963 acknowledging the donation of the item to the Library. |
| 651 4# - SUBJECT ADDED ENTRY--GEOGRAPHIC NAME | |
| Geographic name | Hertfordshire |
| 690 ## - LOCAL SUBJECT ADDED ENTRY--TOPICAL TERM (OCLC, RLIN) | |
| Topical term or geographic name as entry element | PROPERTY-AUCTIONEERING-AUCTIONEERS |
| 942 ## - ADDED ENTRY ELEMENTS (KOHA) | |
| Suppress in OPAC | 0 |
| Withdrawn status | Lost status | Source of classification or shelving scheme | Damaged status | Not for loan | Home library | Current library | Shelving location | Date acquired | Total Checkouts | Full call number | Barcode | Date last seen | Copy number | Price effective from | Koha item type |
|---|---|---|---|---|---|---|---|---|---|---|---|---|---|---|---|
| Dewey Decimal Classification | London | London | Basement | 16/11/2007 | BASEMENT BOX 4 | 141327-1001 | 06/08/2019 | 1 | 06/08/2019 | Archive |